[Event "Elit(Sollentuna-Eksjo)"]
[Site "?"]
[Date "2006.10.21"]
[Round "2"]
[White "Thornert, Hakan"]
[Black "Andersson, Fredrik"]
[Result "1-0"]
[WhiteElo "2232"]
[BlackElo "2344"]
[PlyCount "78"]
[EventDate "2006.??.??"]

1. e4 e5 2. f4 exf4 3. Nf3 Ne7 4. d4 d5 5. Bd3 Ng6 6. exd5 Qxd5 7. O-O Bg4 8.
Nc3 Qd8 9. Bxg6 hxg6 10. Bxf4 Be7 11. Qd2 O-O 12. Rae1 c6 13. Ne4 Na6 14. Ne5
Bf5 15. Ng3 Bc8 16. c3 Nc7 17. Qe2 Nd5 18. Bc1 Bf6 19. Qf3 Qc7 20. Kh1 Bd7 21.
c4 Nb4 22. Bf4 Qd8 23. Qb3 a5 24. a3 g5 25. Bd2 Na6 26. Qxb7 Bxe5 27. Rxe5 f6
28. Rxa5 Nc7 29. Rxa8 Nxa8 30. d5 cxd5 31. Qxd5+ Kh8 32. Bb4 Re8 33. Rd1 Nb6
34. Qd4 Qb8 35. c5 Ba4 36. Re1 Rxe1+ 37. Bxe1 Qe8 38. Qe4 Qxe4 39. Nxe4 Nc4 1-0

[Event "Elit(Sollentuna-Eksjo)"]
[Site "?"]
[Date "2006.10.21"]
[Round "2"]
[White "Bergstrom, Peter"]
[Black "de Verdier, Michael"]
[Result "1/2-1/2"]
[WhiteElo "2370"]
[BlackElo "2220"]
[PlyCount "114"]
[EventDate "2006.??.??"]

1. e4 e6 2. d4 d5 3. Nc3 Bb4 4. e5 c5 5. a3 Bxc3+ 6. bxc3 Ne7 7. a4 Qa5 8. Bd2
Nbc6 9. Nf3 O-O 10. Bd3 f5 11. exf6 Rxf6 12. c4 Qc7 13. dxc5 Ne5 14. Nxe5 Qxe5+
15. Be2 dxc4 16. O-O Qxc5 17. Bc3 Rf8 18. Rb1 Nd5 19. Qd4 Qc7 20. Qe5 Rf5 21.
Qxc7 Nxc7 22. Rb4 Nd5 23. Rxc4 Bd7 24. Bb2 b5 25. Rg4 g6 26. axb5 Nf4 27. Bf3
Rc8 28. Bc1 e5 29. Bxf4 exf4 30. Be4 Rxb5 31. Rxf4 Rbc5 32. Rd1 Bf5 33. Bd5+
Kg7 34. c4 R8c7 35. f3 Bc2 36. Rc1 Bb3 37. Rc3 Rxd5 38. Rxb3 Rd1+ 39. Kf2 Rc1
40. Ra3 R1xc4 41. Rxc4 Rxc4 42. Rxa7+ Kg8 43. g4 Rc5 44. h4 Rb5 45. Rd7 Rb3 46.
Ke2 Rb2+ 47. Rd2 Rb1 48. Kf2 Rh1 49. Kg3 Kg7 50. Rd7+ Kg8 51. Re7 h6 52. Rd7
Kh8 53. Rc7 Kg8 54. Re7 Kh8 55. Kf4 Rxh4 56. Ke5 Rh3 57. f4 Rg3 1/2-1/2

[Event "Elit(Rockaden, Sthlm-Skara)"]
[Site "?"]
[Date "2006.10.21"]
[Round "2"]
[White "Gausel, Einar"]
[Black "Olsson, Anders"]
[Result "1-0"]
[WhiteElo "2578"]
[BlackElo "2488"]
[PlyCount "63"]
[EventDate "2006.??.??"]
[SourceDate "2006.11.05"]

1. Nf3 Nf6 2. c4 g6 3. Nc3 Bg7 4. d4 d6 5. Bg5 O-O 6. e3 Nbd7 7. Be2 h6 8. Bh4
g5 9. Bg3 Nh5 10. Qc2 e6 11. O-O-O a6 12. Nd2 Nxg3 13. hxg3 f5 14. f4 c6 15. g4
gxf4 16. exf4 Qf6 17. gxf5 exf5 18. Nf3 Rf7 19. c5 dxc5 20. Bc4 cxd4 21. Rxd4
b5 22. Bxf7+ Qxf7 23. Rd6 b4 24. Na4 Qxa2 25. b3 Qa1+ 26. Qb1 Qa3+ 27. Kc2 Bf8
28. Rg6+ Kf7 29. Rhxh6 Bxh6 30. Rxh6 Nf6 31. Ne5+ Ke7 32. Nc4 1-0

[Event "Elit(Rockaden, Sthlm-Skara)"]
[Site "?"]
[Date "2006.10.21"]
[Round "2"]
[White "Barkhagen, Jonas"]
[Black "Cicak, Slavko"]
[Result "0-1"]
[WhiteElo "2563"]
[BlackElo "2545"]
[PlyCount "78"]
[EventDate "2006.??.??"]

1. d4 Nf6 2. c4 g6 3. Nc3 Bg7 4. e4 O-O 5. Nf3 d6 6. Be2 Bg4 7. O-O Nc6 8. Be3
Re8 9. d5 Bxf3 10. Bxf3 Ne5 11. Be2 c6 12. Qb3 Qa5 13. Rac1 Rab8 14. f3 Rec8
15. Qa4 Qxa4 16. Nxa4 b6 17. h3 h6 18. f4 Ned7 19. dxc6 Rxc6 20. Bf3 Rcc8 21.
b3 h5 22. g4 hxg4 23. hxg4 g5 24. e5 Ne8 25. exd6 Nxd6 26. fxg5 Ne5 27. Kg2 Nd3
28. Rcd1 Ne5 29. c5 bxc5 30. Bxc5 a5 31. Bxd6 exd6 32. Rxd6 Rb4 33. Rfd1 Rc2+
34. R6d2 Rxd2+ 35. Rxd2 Nxg4 36. Rd8+ Kh7 37. Ra8 Ne3+ 38. Kf2 Bd4 39. Rxa5
Nc4+ 0-1

[Event "Elit(Rockaden, Sthlm-Skara)"]
[Site "?"]
[Date "2006.10.21"]
[Round "2"]
[White "Eklund, Lars-Goran"]
[Black "Karlsson, Lars"]
[Result "1/2-1/2"]
[WhiteElo "2374"]
[BlackElo "2531"]
[PlyCount "81"]
[EventDate "2006.??.??"]

1. Nf3 f5 2. c4 Nf6 3. g3 e6 4. Bg2 d5 5. d4 Bd6 6. O-O O-O 7. b3 b6 8. Ba3 Qe7
9. Bxd6 cxd6 10. Nc3 Bb7 11. cxd5 Nxd5 12. Rc1 Nd7 13. Nxd5 Bxd5 14. Qc2 Nf6
15. Qc7 Rf7 16. Qxe7 Rxe7 17. Rfd1 h6 18. Ne1 Kf7 19. Nd3 Bxg2 20. Kxg2 Nd5 21.
Nf4 Nxf4+ 22. gxf4 g5 23. fxg5 hxg5 24. Rc6 Rd7 25. Rdc1 Kf6 26. Rc8 Rxc8 27.
Rxc8 e5 28. Rf8+ Rf7 29. dxe5+ dxe5 30. Rxf7+ Kxf7 31. Kg3 Kg6 32. h4 Kh5 33.
hxg5 Kxg5 34. e3 b5 35. a3 a5 36. b4 axb4 37. axb4 f4+ 38. Kf3 fxe3 39. fxe3
Kf5 40. e4+ Kg5 41. Kg3 1/2-1/2

[Event "Elit(Rockaden, Sthlm-Skara)"]
[Site "?"]
[Date "2006.10.21"]
[Round "2"]
[White "Hedman, Erik"]
[Black "Friberg, Hans"]
[Result "0-1"]
[WhiteElo "2426"]
[BlackElo "2256"]
[PlyCount "62"]
[EventDate "2006.??.??"]

1. e4 e6 2. d4 d5 3. Nd2 Nf6 4. e5 Nfd7 5. Ngf3 c5 6. c3 Nc6 7. Bd3 Be7 8. O-O
g5 9. dxc5 Nxc5 10. Nb3 Nxd3 11. Qxd3 g4 12. Nfd4 Nxe5 13. Qe2 Ng6 14. f4 gxf3
15. Qxf3 f6 16. Bh6 Rg8 17. Rad1 Qb6 18. a4 Bd7 19. Be3 Qa6 20. Nb5 Qxa4 21.
Nc7+ Kd8 22. Nc5 Bxc5 23. Nxe6+ Bxe6 24. Qxf6+ Kd7 25. Bxc5 Qc6 26. Ba3 Rae8
27. c4 Qxc4 28. Rc1 Qh4 29. Qf3 Ne5 30. Qe2 Nc4 31. Kh1 Bh3 0-1

[Event "Elit(Rockaden, Sthlm-Skara)"]
[Site "?"]
[Date "2006.10.21"]
[Round "2"]
[White "Andersson, Goran"]
[Black "Livner, Anders"]
[Result "0-1"]
[WhiteElo "2217"]
[BlackElo "2374"]
[PlyCount "78"]
[EventDate "2006.??.??"]

1. Nf3 c5 2. e4 d6 3. d4 cxd4 4. Nxd4 Nf6 5. Nc3 a6 6. Be3 e5 7. Nb3 Be6 8. f3
Be7 9. Qd2 O-O 10. g4 d5 11. g5 d4 12. gxf6 Bxf6 13. Bf2 dxc3 14. Qxc3 Bh4 15.
Qxe5 Bxf2+ 16. Kxf2 Nc6 17. Qc5 Rc8 18. c3 Qf6 19. Qe3 Ne5 20. h3 Qh4+ 21. Kg2
Ng6 22. Qe1 Nf4+ 23. Kh2 Qh6 24. h4 Bxb3 25. axb3 Rfd8 26. Kg1 Qb6+ 27. Qf2
Qxb3 28. h5 Rc6 29. Rh4 Rf6 30. Re1 Qe6 31. e5 Rf5 32. Qh2 Nd3 33. Bxd3 Rxd3
34. f4 Qd5 35. Qg2 Qxg2+ 36. Kxg2 Rd2+ 37. Kf3 Rxb2 38. Ke4 g6 39. h6 Kf8 0-1

[Event "Elit(Rockaden, Sthlm-Skara)"]
[Site "?"]
[Date "2006.10.21"]
[Round "2"]
[White "Bator, Robert"]
[Black "Jacobsson, Erik"]
[Result "1-0"]
[WhiteElo "2445"]
[BlackElo "2142"]
[PlyCount "78"]
[EventDate "2006.??.??"]

1. d4 Nf6 2. Nf3 g6 3. g3 Bg7 4. c4 O-O 5. Bg2 d6 6. O-O Nc6 7. d5 Na5 8. Nfd2
c5 9. a3 Nd7 10. Ra2 Ne5 11. Qc2 b6 12. b4 Nb7 13. Bb2 a6 14. f4 Nd7 15. Bxg7
Kxg7 16. Nc3 b5 17. bxc5 Nbxc5 18. cxb5 axb5 19. Nxb5 Ba6 20. Nd4 Nb6 21. Rb1
Kg8 22. Rab2 Nba4 23. Rb4 Qd7 24. Bf3 Bb7 25. Nc4 Ra6 26. Kg2 Rc8 27. h4 Ba8
28. Kh2 Kg7 29. Qd2 e6 30. Ne3 Ra7 31. dxe6 fxe6 32. Nb5 Ra6 33. Bxa8 Rcxa8 34.
Qd4+ e5 35. fxe5 Ne6 36. Qd2 Rf8 37. Nxd6 Nac5 38. Ng4 Raa8 39. Qh6+ Kg8 1-0

[Event "Elit(Rockaden, Sthlm-Skara)"]
[Site "?"]
[Date "2006.10.21"]
[Round "2"]
[White "Dahlstrom, Rickard"]
[Black "Engqvist, Thomas"]
[Result "0-1"]
[WhiteElo "2057"]
[BlackElo "2405"]
[PlyCount "75"]
[EventDate "2006.??.??"]

1. c4 c6 2. Nc3 d5 3. d4 Nf6 4. Nf3 dxc4 5. a4 Bf5 6. Ne5 Nbd7 7. Nxc4 Qc7 8.
f3 e5 9. e4 exd4 10. Qxd4 Be6 11. Be3 Bc5 12. Qd2 Bxe3 13. Qxe3 O-O 14. Be2 a5
15. Rc1 Rad8 16. O-O Bxc4 17. Bxc4 Qb6 18. Qxb6 Nxb6 19. Bb3 Nfd7 20. Ne2 Ne5
21. Rfd1 Nd3 22. Rc2 Rd7 23. Nc3 Rfd8 24. Rcd2 Kf8 25. Kf1 Ke7 26. g3 f6 27.
Re2 Nc5 28. Rxd7+ Rxd7 29. Bc2 Nc4 30. e5 g6 31. exf6+ Kxf6 32. Nd1 Ne6 33. b3
Na3 34. Ne3 Nxc2 35. Nxc2 Rd3 36. Kf2 Nc5 37. Ne3 h5 38. Nc4 0-1

[Event "Elit(Rockaden, Sthlm-Skara)"]
[Site "?"]
[Date "2006.10.21"]
[Round "2"]
[White "Vilchez, Victor"]
[Black "Johansson, Olle"]
[Result "1-0"]
[WhiteElo "2354"]
[BlackElo "1748"]
[PlyCount "67"]
[EventDate "2006.??.??"]

1. e4 Nf6 2. e5 Nd5 3. Nf3 d6 4. d4 Bg4 5. Be2 Nc6 6. c4 Nb6 7. exd6 cxd6 8. d5
Bxf3 9. gxf3 Ne5 10. O-O g6 11. f4 Ned7 12. a4 Nf6 13. a5 Nbd7 14. Nc3 Bg7 15.
Be3 O-O 16. a6 bxa6 17. Rxa6 Nc5 18. Rc6 Rc8 19. b4 Nce4 20. Nxe4 Nxe4 21. Qd3
Nc3 22. Bf3 e5 23. dxe6 Rxc6 24. exf7+ Rxf7 25. Bxc6 Qc8 26. Bg2 Qg4 27. Kh1
Qh5 28. Qxd6 Bf8 29. Qd8 Qe2 30. c5 Qc4 31. c6 Nb5 32. Rc1 Qxb4 33. Bd5 Nc3 34.
Rxc3 1-0

[Event "Elit(Manhem-Wasa)"]
[Site "?"]
[Date "2006.10.21"]
[Round "2"]
[White "Wedberg, Tom"]
[Black "Winsnes, Rikard"]
[Result "1-0"]
[WhiteElo "2539"]
[BlackElo "2484"]
[PlyCount "83"]
[EventDate "2006.??.??"]
[SourceDate "2006.11.05"]

1. e4 c5 2. Nf3 d6 3. d4 Nf6 4. Nc3 cxd4 5. Nxd4 g6 6. Be3 Bg7 7. f3 Nc6 8. Qd2
O-O 9. O-O-O d5 10. exd5 Nxd5 11. Nxc6 bxc6 12. Bd4 Nxc3 13. Qxc3 Bh6+ 14. Be3
Bxe3+ 15. Qxe3 Qb6 16. Qxe7 Be6 17. Bd3 Bxa2 18. h4 Rfe8 19. Qf6 Qe3+ 20. Rd2
Rad8 21. Qg5 Qxg5 22. hxg5 Bd5 23. Rdd1 Re5 24. f4 Re3 25. Bc4 Rg3 26. Bxd5
cxd5 27. Rd2 Rc8 28. Rxd5 Rxg2 29. Rd2 Rxd2 30. Kxd2 Kg7 31. b3 Rc7 32. c4 f6
33. Kc3 fxg5 34. fxg5 Rc5 35. b4 Rxg5 36. Ra1 Rg3+ 37. Kd4 h5 38. Rxa7+ Kf6 39.
Rh7 Rb3 40. Kc5 Kg5 41. b5 h4 42. b6 1-0

[Event "Elit(Manhem-Wasa)"]
[Site "?"]
[Date "2006.10.21"]
[Round "2"]
[White "Nithander, Victor"]
[Black "von Bahr, Oskar"]
[Result "0-1"]
[WhiteElo "2401"]
[BlackElo "2382"]
[PlyCount "66"]
[EventDate "2006.??.??"]

1. e4 c5 2. Nf3 d6 3. d4 cxd4 4. Nxd4 Nf6 5. Nc3 Nc6 6. Bg5 e6 7. Qd2 a6 8.
O-O-O Bd7 9. Be2 b5 10. Nxc6 Bxc6 11. Bf3 Rc8 12. Ne2 h6 13. Bxf6 Qxf6 14. Qa5
Qg5+ 15. Kb1 Qc5 16. b4 Qa7 17. Nd4 Be7 18. Rd3 O-O 19. Rhd1 Bd7 20. c3 Rc4 21.
Qa3 e5 22. Nb3 Qxf2 23. Qb2 Qb6 24. Nd2 Rc7 25. Nf1 Be6 26. Ne3 Rfc8 27. Bg4
Qb7 28. Bf3 Bg5 29. Qc2 a5 30. a3 axb4 31. axb4 Bxe3 32. Rxe3 Ra8 33. Rd2 Qa7
0-1

[Event "Elit(Manhem-Wasa)"]
[Site "?"]
[Date "2006.10.21"]
[Round "2"]
[White "Hellborg, Teodor"]
[Black "Akesson, Joel"]
[Result "1/2-1/2"]
[WhiteElo "2379"]
[BlackElo "2366"]
[PlyCount "70"]
[EventDate "2006.??.??"]

1. d4 d5 2. c4 c6 3. Nc3 Nf6 4. e3 e6 5. Nf3 a6 6. Bd3 dxc4 7. Bxc4 b5 8. Be2
c5 9. e4 cxd4 10. Nxd4 e5 11. Nb3 Qxd1+ 12. Bxd1 Be6 13. Be3 Nbd7 14. f3 Bb4
15. g4 Rc8 16. Rc1 O-O 17. a3 Bxc3+ 18. Rxc3 Rxc3 19. bxc3 Rc8 20. Kd2 Ne8 21.
Na5 Nc5 22. Bc2 Nd6 23. Rb1 Kf8 24. h4 Nc4+ 25. Nxc4 Bxc4 26. Bxc5+ Rxc5 27. g5
Rc6 28. Rg1 h6 29. Ke3 hxg5 30. hxg5 Be6 31. Kd2 Rd6+ 32. Ke3 Rc6 33. Kd2 Rd6+
34. Kc1 Rc6 35. Kd2 Rd6+ 1/2-1/2

[Event "Elit(Manhem-Wasa)"]
[Site "?"]
[Date "2006.10.21"]
[Round "2"]
[White "Andersson, Bjorn"]
[Black "Astrom, Goran"]
[Result "1/2-1/2"]
[WhiteElo "2330"]
[BlackElo "2338"]
[PlyCount "45"]
[EventDate "2006.??.??"]

1. e4 c5 2. c3 d5 3. exd5 Qxd5 4. d4 e6 5. Nf3 Nf6 6. Be3 cxd4 7. cxd4 Nc6 8.
Nc3 Qd6 9. a3 Be7 10. Bd3 O-O 11. Qc2 Rd8 12. Rd1 h6 13. O-O Bd7 14. Nb5 Qb8
15. Qc1 Nd5 16. Bxh6 gxh6 17. Qxh6 f5 18. Ng5 Bxg5 19. Qxg5+ Kf7 20. Qh5+ Kg7
21. Qg5+ Kf7 22. Qh5+ Kg7 23. Qg5+ 1/2-1/2

[Event "Elit(Manhem-Wasa)"]
[Site "?"]
[Date "2006.10.21"]
[Round "2"]
[White "Collett, Peter"]
[Black "Kinnmark, Ove"]
[Result "0-1"]
[WhiteElo "2225"]
[BlackElo "2283"]
[PlyCount "88"]
[EventDate "2006.??.??"]

1. d4 Nf6 2. c4 e6 3. Nc3 Bb4 4. e3 O-O 5. Nge2 d5 6. a3 Bd6 7. c5 Be7 8. Nf4
c6 9. b4 Re8 10. Nd3 Bf8 11. Be2 Nbd7 12. f4 Ne4 13. Nxe4 dxe4 14. Ne5 a5 15.
Rb1 axb4 16. axb4 Nf6 17. O-O Nd5 18. Bd2 f6 19. Nc4 f5 20. Ne5 Be7 21. Ra1
Rxa1 22. Qxa1 g5 23. b5 Bf6 24. b6 Bxe5 25. fxe5 Rf8 26. Bc4 Qe8 27. Qa8 Qg6
28. Qb8 f4 29. exf4 gxf4 30. Bxd5 f3 31. g3 exd5 32. Be3 Bh3 33. Qxb7 Bxf1 34.
Kxf1 f2 35. Qe7 h6 36. Qh4 Ra8 37. Kxf2 Qf5+ 38. Qf4 Ra2+ 39. Ke1 Qh5 40. g4
Qh3 41. e6 Ra1+ 42. Bc1 Qc3+ 43. Ke2 Qc2+ 44. Bd2 Qd3+ 0-1

[Event "Elit(Manhem-Wasa)"]
[Site "?"]
[Date "2006.10.21"]
[Round "2"]
[White "Schneider, Lars-Ake"]
[Black "Berkell, Peder"]
[Result "1-0"]
[WhiteElo "2338"]
[BlackElo "2217"]
[PlyCount "73"]
[EventDate "2006.??.??"]

1. Nf3 c5 2. e4 Qa5 3. Nc3 g6 4. Bc4 Bg7 5. O-O Nc6 6. d3 d6 7. Bd2 Nf6 8. h3
O-O 9. Qc1 Nd4 10. Nxd4 cxd4 11. Ne2 Qd8 12. Bh6 e5 13. c3 dxc3 14. Nxc3 Be6
15. Bxg7 Kxg7 16. Qe3 Nh5 17. Bxe6 fxe6 18. g3 Rf7 19. Rad1 a6 20. d4 Qe7 21.
dxe5 dxe5 22. Na4 Qb4 23. b3 Raf8 24. Nc5 Re7 25. Nd7 Rc8 26. Nxe5 Nf6 27. Nc4
b5 28. Nd6 Rc2 29. e5 Nd5 30. Qf3 Qc3 31. Qe4 Rxa2 32. Rc1 Qxb3 33. Rc8 Nc3 34.
Qh4 Ne2+ 35. Kh2 Nxg3 36. Qxe7+ Kh6 37. Nf7+ 1-0

[Event "Elit(Manhem-Wasa)"]
[Site "?"]
[Date "2006.10.21"]
[Round "2"]
[White "Nordstrom, Felix"]
[Black "Welin, Mats"]
[Result "0-1"]
[WhiteElo "2100"]
[BlackElo "2276"]
[PlyCount "54"]
[EventDate "2006.??.??"]

1. d4 Nf6 2. c4 e6 3. Nc3 Bb4 4. Qc2 O-O 5. a3 Bxc3+ 6. Qxc3 b6 7. Bg5 c5 8.
dxc5 bxc5 9. e3 d6 10. O-O-O Ne4 11. Qc2 Nxg5 12. h4 f5 13. hxg5 Nc6 14. f4 Rb8
15. Nf3 Qe7 16. Bd3 Bb7 17. e4 Na5 18. Kb1 g6 19. g3 Bc6 20. Rh2 Qb7 21. Re1
Qb3 22. Nd2 Qxa3 23. exf5 Ba4 24. Kc1 Bxc2 25. bxa3 Bxd3 26. fxe6 Nxc4 27. e7
Rfe8 0-1

[Event "Elit(Manhem-Wasa)"]
[Site "?"]
[Date "2006.10.21"]
[Round "2"]
[White "Moberg, Karl Johan"]
[Black "Cleanthous, Demetris"]
[Result "1-0"]
[WhiteElo "2325"]
[BlackElo "1983"]
[PlyCount "165"]
[EventDate "2006.??.??"]

1. d4 d5 2. c4 c6 3. Nf3 Nf6 4. e3 e6 5. Nbd2 Bd6 6. b3 Qa5 7. c5 Be7 8. a3 Qc7
9. b4 b6 10. Bb2 O-O 11. Bd3 a5 12. O-O axb4 13. axb4 Rxa1 14. Qxa1 Nfd7 15.
Rc1 bxc5 16. bxc5 f5 17. Rc3 e5 18. Nxe5 Nxe5 19. dxe5 f4 20. e4 Be6 21. Rc1
Nd7 22. Bd4 Rb8 23. exd5 cxd5 24. c6 Nb6 25. Qa5 Bd8 26. Qc5 Nc8 27. Qc2 h6 28.
Bf5 Bxf5 29. Qxf5 Ne7 30. Qe6+ Kh7 31. h3 Rc8 32. Qf7 Nxc6 33. Qxf4 Qd7 34. e6
Qxe6 35. Qe3 Nxd4 36. Rxc8 Qxc8 37. Qxd4 Qc6 38. Qd3+ g6 39. Kf1 Bg5 40. Ke2
Qe6+ 41. Kd1 Qc6 42. Nf3 Qc1+ 43. Ke2 Qb2+ 44. Ke1 Qc1+ 45. Qd1 Qc3+ 46. Kf1
Qc4+ 47. Kg1 Bf6 48. g3 d4 49. h4 Qc3 50. Ne1 Kg7 51. Nd3 Qc4 52. Qf3 Qf7 53.
Kg2 h5 54. Qe4 Kh7 55. Nf4 Kh6 56. Ne6 Qe7 57. Qf4+ Kh7 58. Nxd4 Qb7+ 59. Nf3
Kg7 60. Kh2 Qb6 61. Nd2 Qd4 62. Qxd4 Bxd4 63. Ne4 Kf7 64. Kg2 Ke6 65. f4 Kd5
66. Ng5 Bc3 67. Kf3 Be1 68. f5 gxf5 69. Nh3 Ke5 70. Nf4 Kf6 71. Nxh5+ Kg6 72.
Nf4+ Kh6 73. Nd5 Bd2 74. Ne7 f4 75. g4 Bc1 76. Nd5 Bb2 77. Kxf4 Kg6 78. h5+ Kh6
79. Kf5 Bh8 80. Nf6 Kg7 81. g5 Kf7 82. h6 Bxf6 83. gxf6 1-0

[Event "Elit(Limhamn-Linkoping)"]
[Site "?"]
[Date "2006.10.21"]
[Round "2"]
[White "Malesevic, Nedeljko"]
[Black "Hector, Jonny"]
[Result "1-0"]
[WhiteElo "2340"]
[BlackElo "2635"]
[PlyCount "89"]
[EventDate "2006.??.??"]
[SourceDate "2006.11.05"]

1. d4 d5 2. Nf3 Nf6 3. c4 c6 4. cxd5 cxd5 5. Nc3 Nc6 6. Bf4 Bf5 7. e3 e6 8. Bd3
Bg6 9. O-O Be7 10. h3 Bh5 11. Be2 Nd7 12. Ne1 Bg6 13. Rc1 a6 14. Bd3 f5 15. Be2
Rc8 16. Nd3 b5 17. a3 Na5 18. b4 Nc4 19. a4 Qb6 20. axb5 axb5 21. Nc5 Qc6 22.
Ra1 Nxc5 23. bxc5 O-O 24. Rb1 Rb8 25. Bxb8 Rxb8 26. Rb4 Be8 27. Qc2 Qb7 28.
Bxc4 dxc4 29. Rfb1 Bc6 30. Nxb5 Qd7 31. Qxc4 Rf8 32. Nc3 Bd8 33. Rb8 g5 34. Qa6
g4 35. Qc8 Qe8 36. Qxd8 Qxd8 37. Rxd8 Rxd8 38. Rb6 Rc8 39. hxg4 fxg4 40. e4 Bd7
41. Rb7 Be8 42. Kh2 Kf8 43. Nb5 Bxb5 44. Rxb5 Rd8 45. c6 1-0

[Event "Elit(Limhamn-Linkoping)"]
[Site "?"]
[Date "2006.10.21"]
[Round "2"]
[White "Schneider, Stefan"]
[Black "Olsson, Conny"]
[Result "1-0"]
[WhiteElo "2454"]
[BlackElo "2263"]
[PlyCount "31"]
[EventDate "2006.??.??"]

1. d4 Nf6 2. Nf3 c5 3. d5 e6 4. Nc3 Qa5 5. Bd2 b5 6. Ne4 Qb6 7. Nxf6+ gxf6 8.
e4 Rg8 9. c4 bxc4 10. Bc3 Ba6 11. g3 f5 12. Bg2 fxe4 13. Ne5 d6 14. dxe6 dxe5
15. exf7+ Kxf7 16. Bxe4 1-0

[Event "Elit(Limhamn-Linkoping)"]
[Site "?"]
[Date "2006.10.21"]
[Round "2"]
[White "Wickstrom, Lucas"]
[Black "Helgason, Reynir"]
[Result "0-1"]
[WhiteElo "2144"]
[BlackElo "2382"]
[PlyCount "54"]
[EventDate "2006.??.??"]

1. d4 d5 2. c4 dxc4 3. Nc3 a6 4. e4 b5 5. a4 Bb7 6. axb5 axb5 7. Rxa8 Bxa8 8.
Nxb5 Bxe4 9. Bf4 e5 10. Bxe5 Bb4+ 11. Nc3 Nf6 12. f3 Bd5 13. Qa4+ Nc6 14. Bxc4
O-O 15. Bxd5 Bxc3+ 16. bxc3 Nxe5 17. Bc4 Nxc4 18. Qxc4 Qa8 19. Kf2 Qa1 20. h3
Re8 21. Kg3 Qe1+ 22. Kh2 Re7 23. Qc5 h5 24. h4 Qxh4+ 25. Nh3 Re3 26. Qxc7 Ng4+
27. fxg4 Rxh3+ 0-1

[Event "Elit(Limhamn-Linkoping)"]
[Site "?"]
[Date "2006.10.21"]
[Round "2"]
[White "Andersson, Christin"]
[Black "Rosberg, Simon"]
[Result "0-1"]
[WhiteElo "2315"]
[BlackElo "2196"]
[PlyCount "118"]
[EventDate "2006.??.??"]

1. e4 c5 2. c3 Nf6 3. e5 Nd5 4. Nf3 Nc6 5. d4 cxd4 6. cxd4 d6 7. Bc4 Nb6 8. Bb5
dxe5 9. Nxe5 Bd7 10. Bxc6 Bxc6 11. Nxc6 bxc6 12. Nc3 e6 13. Qf3 Nd5 14. O-O Be7
15. Be3 O-O 16. Rac1 Qa5 17. Bd2 Nxc3 18. Bxc3 Qd5 19. Qxd5 cxd5 20. Rfd1 Rfc8
21. Kf1 Kf8 22. Ke2 Ke8 23. Rd3 Kd7 24. a3 a5 25. Rf1 a4 26. f4 f5 27. Kd1 h5
28. Re1 Rg8 29. g3 Bd6 30. Rde3 Rae8 31. Kc2 g5 32. fxg5 Rxg5 33. Kb1 Rg4 34.
Ka2 h4 35. gxh4 Rxh4 36. h3 f4 37. Rf3 Rg8 38. Ref1 Rg3 39. Be1 Rxf3 40. Rxf3
Rh8 41. Bd2 Kc6 42. b3 axb3+ 43. Rxb3 Rg8 44. Be1 Rg2+ 45. Rb2 f3 46. h4 e5 47.
h5 e4 48. h6 Rg1 49. Bf2 Rh1 50. Be3 Bf8 51. Rc2+ Kd7 52. Rb2 Bxh6 53. Rb7+ Kc6
54. Rh7 Rh2+ 55. Kb3 Bf4 56. Rxh2 Bxh2 57. Kc2 Bf4 58. Bg1 e3 59. Kd3 f2 0-1

[Event "Elit(Limhamn-Linkoping)"]
[Site "?"]
[Date "2006.10.21"]
[Round "2"]
[White "Klashed, Martin"]
[Black "Carlsson, Daniel"]
[Result "0-1"]
[WhiteElo "2124"]
[BlackElo "2313"]
[PlyCount "56"]
[EventDate "2006.??.??"]

1. e4 c5 2. Nf3 d6 3. d4 cxd4 4. Nxd4 Nf6 5. Nc3 g6 6. Be3 Bg7 7. f3 Nc6 8. Qd2
O-O 9. O-O-O d5 10. Qe1 e6 11. Nxc6 bxc6 12. Bc5 Re8 13. Kb1 Qa5 14. Bd6 Nd7
15. e5 Ba6 16. Bxa6 Qxa6 17. h4 Nb6 18. b3 Red8 19. Be7 Rd7 20. Bc5 Qa5 21. Qe3
Rb8 22. Qd4 Nc4 23. f4 Bf8 24. Bxf8 Kxf8 25. Ne4 Na3+ 26. Kb2 dxe4 27. Qxd7
Nc4+ 28. Kb1 Qc3 0-1

[Event "Elit(Limhamn-Linkoping)"]
[Site "?"]
[Date "2006.10.21"]
[Round "2"]
[White "Nylen, Anders"]
[Black "Carlsson, Ingvar"]
[Result "0-1"]
[WhiteElo "2279"]
[BlackElo "2085"]
[PlyCount "110"]
[EventDate "2006.??.??"]

1. d4 f5 2. e4 fxe4 3. Nc3 Nf6 4. f3 d5 5. fxe4 dxe4 6. Bg5 Bf5 7. Bc4 Nc6 8.
Nge2 Qd7 9. O-O O-O-O 10. Qe1 Nxd4 11. Rd1 e5 12. Ng3 Bg4 13. Rd2 Qc6 14. Bxf6
gxf6 15. Qxe4 Qxe4 16. Ncxe4 f5 17. Ng5 Bh6 18. h4 b5 19. Bb3 Bxg5 20. hxg5 f4
21. Ne4 Bf5 22. Re1 Bxe4 23. Rxe4 Nf3+ 24. gxf3 Rxd2 25. Rxe5 c6 26. Be6+ Kd8
27. Bf5 Rd5 28. Rxd5+ cxd5 29. Be6 d4 30. Kf2 Ke7 31. Bd5 Kd6 32. Be4 Ke5 33.
Ke2 Rg8 34. Bxh7 Rxg5 35. Kd3 Rg1 36. c3 Rd1+ 37. Kc2 Re1 38. Bd3 a6 39. Kd2
Ra1 40. a3 Rh1 41. Be2 Rh2 42. Kd3 dxc3 43. bxc3 Kd5 44. Bd1 Rf2 45. Bb3+ Ke5
46. Bd1 Ra2 47. a4 Rxa4 48. Bxa4 bxa4 49. Kc4 a5 50. Kd3 Kd5 51. c4+ Kc5 52.
Kc3 a3 53. Kb3 a2 54. Kxa2 Kxc4 55. Ka3 Kd3 0-1

[Event "Elit(Limhamn-Linkoping)"]
[Site "?"]
[Date "2006.10.21"]
[Round "2"]
[White "Fransson, Jorgen"]
[Black "Holst, Conny"]
[Result "1-0"]
[WhiteElo "2069"]
[BlackElo "2241"]
[PlyCount "125"]
[EventDate "2006.??.??"]

1. d4 Nf6 2. Nf3 g6 3. c4 c5 4. Nc3 Bg7 5. e4 cxd4 6. Nxd4 d6 7. Be2 O-O 8. O-O
Nc6 9. Be3 Bd7 10. f3 a6 11. Qd2 Rc8 12. Rfd1 Nxd4 13. Bxd4 Be6 14. b3 Nd7 15.
Kh1 Bxd4 16. Qxd4 Qa5 17. Rac1 Rc7 18. Qd2 Rfc8 19. f4 Nf6 20. Rf1 Kg7 21. f5
Bd7 22. Rf3 Qe5 23. Bd3 Bc6 24. Re1 Ng4 25. Rf4 h5 26. Nd5 Rd7 27. Nb6 Rh8 28.
Nxd7 Bxd7 29. fxg6 fxg6 30. Ref1 g5 31. Rf7+ Kg6 32. g3 Nf6 33. Rxe7 Qxe7 34.
e5+ Kf7 35. Rxf6+ Ke8 36. Bg6+ Kd8 37. Qxd6 Qxd6 38. Rxd6 Kc7 39. c5 h4 40. Kg2
Bc6+ 41. Kh3 Bf3 42. Bf5 Be2 43. Rg6 g4+ 44. Kg2 Bf3+ 45. Kf2 hxg3+ 46. hxg3
Rh2+ 47. Ke3 Re2+ 48. Kf4 Rxa2 49. Bxg4 Bd5 50. e6 Bxb3 51. Rg7+ Kb8 52. e7 Ba4
53. Rg8+ Ka7 54. e8=Q Bxe8 55. Rxe8 a5 56. Bf3 a4 57. Re7 a3 58. Rxb7+ Ka6 59.
Rb8 Ka5 60. c6 Rc2 61. Bd5 Rf2+ 62. Ke3 Rc2 63. g4 1-0

[Event "Elit(Limhamn-Linkoping)"]
[Site "?"]
[Date "2006.10.21"]
[Round "2"]
[White "Penalver, Osmani"]
[Black "Halvarsson, Peter"]
[Result "1-0"]
[WhiteElo "2232"]
[BlackElo "1974"]
[PlyCount "103"]
[EventDate "2006.??.??"]

1. d4 g6 2. c4 Bg7 3. Nc3 c5 4. d5 Bxc3+ 5. bxc3 f5 6. e3 Qa5 7. Bd2 Nf6 8. Bd3
d6 9. Nf3 Nbd7 10. Qe2 Ne5 11. Nxe5 dxe5 12. e4 f4 13. g3 g5 14. h4 fxg3 15.
hxg5 Ng4 16. f3 Nf2 17. Rg1 Nh3 18. Rxg3 Nf4 19. Qf1 Bd7 20. Bc2 O-O-O 21. Bb3
Rhg8 22. O-O-O Rg6 23. Kc2 Rdg8 24. Qh1 h6 25. Rgg1 hxg5 26. Bxf4 exf4 27. Rd2
Qc7 28. Rh2 Qe5 29. Rh5 Kc7 30. Kd2 R8g7 31. Rb1 Be8 32. Rh8 Rg8 33. Rh7 g4 34.
Bd1 g3 35. Be2 R8g7 36. Rh8 Rg8 37. Rh5 Rg5 38. Rh7 Bd7 39. Qh4 R8g6 40. Rf7
Rf6 41. Rxe7 Qxe7 42. Qxg5 Rf7 43. Qh6 Qe5 44. Rh1 Qg7 45. Qh5 Re7 46. Qh4 Rf7
47. Bd3 Qe5 48. Qh6 Qg7 49. Qh5 Re7 50. Qh4 Qe5 51. Qh6 Qg7 52. d6+ 1-0

[Event "Elit(Vasteras-LASK)"]
[Site "?"]
[Date "2006.10.21"]
[Round "2"]
[White "Tikkanen, Hans"]
[Black "Eriksson, Jonas"]
[Result "1/2-1/2"]
[WhiteElo "2402"]
[BlackElo "2365"]
[PlyCount "52"]
[EventDate "2006.??.??"]
[SourceDate "2006.11.05"]

1. d4 d5 2. c4 c6 3. Nc3 Nf6 4. Nf3 a6 5. c5 Nbd7 6. Bf4 Nh5 7. e3 Nxf4 8. exf4
b6 9. cxb6 Qxb6 10. Qd2 e6 11. Rc1 Rb8 12. Na4 Qb4 13. Qxb4 Rxb4 14. b3 Bb7 15.
Kd2 a5 16. Kc3 Ba8 17. Ne1 Rb8 18. Nd3 Ba3 19. Rc2 O-O 20. Kd2 f6 21. g3 Bb4+
22. Kd1 Kf7 23. Bh3 Rfe8 24. Rc1 Ba3 25. Rc2 Bb4 26. f3 Re7 1/2-1/2